Introduction to Artificial Intelligence (Record no. 3030)
[ view plain ]
| 000 -LEADER | |
|---|---|
| fixed length control field | 00344nam a2200133Ia 4500 |
| 008 - FIXED-LENGTH DATA ELEMENTS--GENERAL INFORMATION | |
| fixed length control field | 191201s2006 xx 000 0 und d |
| 082 ## - DEWEY DECIMAL CLASSIFICATION NUMBER | |
| Classification number | 006.33 |
| Item number | TAA |
| 100 ## - MAIN ENTRY--PERSONAL NAME | |
| Personal name | TALWAR, I M |
| 245 #0 - TITLE STATEMENT | |
| Title | Introduction to Artificial Intelligence |
| 260 ## - PUBLICATION, DISTRIBUTION, ETC. (IMPRINT) | |
| Place of publication, distribution, etc | N.Delhi |
| Name of publisher, distributor, etc | Dhanpat Rai Pub (P) Ltd |
| Date of publication, distribution, etc | 2006 |
| 300 ## - PHYSICAL DESCRIPTION | |
| Extent | 618 |
| 650 ## - SUBJECT ADDED ENTRY--TOPICAL TERM | |
| Topical term or geographic name as entry element | B.Tech(IT) |
| 942 ## - ADDED ENTRY ELEMENTS (KOHA) | |
| Source of classification or shelving scheme | Dewey Decimal Classification |
| Koha item type | Text Books |
| Withdrawn status | Lost status | Source of classification or shelving scheme | Damaged status | Not for loan | Collection code | Home library | Current library | Date acquired | Source of acquisition | Cost, normal purchase price | Bill Number | Total Checkouts | Full call number | Acc. no. / Barcode | Checked out | Date last seen | Bill Date | Koha item type | Date last borrowed |
|---|---|---|---|---|---|---|---|---|---|---|---|---|---|---|---|---|---|---|---|
| Dewey Decimal Classification | B.Tech(IT) | PIET C-LIBRARY | PIET C-LIBRARY | 22/08/2007 | J B C, New Delhi | 225.00 | 717 | 006.33 TAA | 7059 | 15/10/2018 | 04/12/2019 | 30/07/2007 | Text Books | ||||||
| Dewey Decimal Classification | B.Tech(IT) | PIET C-LIBRARY | PIET C-LIBRARY | 22/08/2007 | J B C, New Delhi | 225.00 | 717 | 6 | 006.33 TAA | 7060 | 12/11/2024 | 30/07/2007 | Text Books | 18/10/2024 | |||||
| Dewey Decimal Classification | Computer Science and Engineering in AI & Machine Learning | PIET C-LIBRARY | PIET C-LIBRARY | 22/08/2007 | J B C, New Delhi | 225.00 | 717 | 006.33 TAA | 7061 | 04/12/2019 | 30/07/2007 | Text Books | |||||||
| Dewey Decimal Classification | Computer Science and Engineering in AI & Machine Learning | PIET C-LIBRARY | PIET C-LIBRARY | 22/08/2007 | J B C, New Delhi | 225.00 | 717 | 4 | 006.33 TAA | 7062 | 30/11/2023 | 30/07/2007 | Text Books | 28/11/2023 |